WWF WrestleMania VII Match Card - Statistics

General Stats
  • This quiz has been taken 42 times
  • The average score is 33 of 38
Answer Stats
Match type Wrestler % Correct
Tag team Bret Hart
100%
Singles Hulk Hogan
100%
Blindfold Jake Roberts
100%
Tag team Marty Jannetty
100%
Singles Mr. Perfect
100%
Retirement Randy Savage
100%
Singles Sgt. Slaughter
100%
Tag team Shawn Michaels
100%
Retirement The Ultimate Warrior
100%
Tag team Brian Knobbs
95%
Tag team Haku
95%
Tag team Hercules
95%
Tag team Jerry Sags
95%
Singles Jimmy Snuka
95%
Tag team Jim Neidhart
95%
Blindfold Rick Martel
95%
Tag team The Barbarian
95%
Singles The Undertaker
95%
Singles The Warlord
95%
Tag team Animal
90%
Tag team Crush
90%
Singles Earthquake
90%
Tag team Hawk
90%
Tag team Paul Roma
90%
Tag team Smash
90%
Singles Tito Santana
90%
Singles Big Boss Man
86%
Singles Ted DiBiase
86%
Singles Dino Bravo
81%
Singles The British Bulldog
81%
Singles The Texas Tornado
81%
Singles Virgil
81%
Singles Koko B. Ware
62%
Singles The Mountie
62%
Tag team Genichiro Tenryu
57%
Singles The Brooklyn Brawler
57%
Singles Greg Valentine
48%
Tag team Kōji Kitao
38%
No matching quizzes found
Score Distribution
Percent of People with Each Score
Percentile by Number Answered
Your Score History
You have not taken this quiz